| 000 | 00547nam a2200169 i 4500 | ||
|---|---|---|---|
| 001 | 34258 | ||
| 003 | ES-MaACL | ||
| 005 | 20230906154913.0 | ||
| 007 | t| | ||
| 008 | 030204s1957 ag ||||1| spa d | ||
| 100 | 1 |
_aBlocker, John G. _929529 |
|
| 245 | 1 | 0 |
_aContabilidad de costos / _cJohn G. Blocker ; traducción y prólogo por Lirio Marino. |
| 260 |
_aBuenos Aires : _bEl Ateneo, _c[1957] ( _fBartolomé U. Chiesino) |
||
| 300 |
_a2 v. : _b2 gráf., il. ; _c23 cm. |
||
| 700 | 1 |
_aMarino, Lirio. _976853 |
|
| 852 |
_aES-MaACL _jC-16871-2 _bR.45183 |
||
| 999 |
_c34258 _d34258 |
||